Психология и педагогика служебной деятельности (Запись № 11357442)
[ простой вид ]
| 000 -МАРКЕР | |
|---|---|
| контрольное поле | 02931nas1a22004571 4500 |
| 001 - ИДЕНТИФИКАТОР ЗАПИСИ | |
| контрольное поле | RU\NLR\Per\1211231 |
| 005 - ИДЕНТИФИКАТОР ВЕРСИИ | |
| контрольное поле | 20260401102003.0 |
| 010 ## - МЕЖДУНАРОДНЫЙ СТАНДАРТНЫЙ НОМЕР КНИГИ (ISBN) | |
| Номер (ISBN) | 977-2-346-83500-4 |
| 011 ## - МЕЖДУНАРОДНЫЙ СТАНДАРТНЫЙ НОМЕР СЕРИАЛЬНОГО ИЗДАНИЯ (ISSN) | |
| Номер (ISSN) | 2782-5728 |
| Уточнения | Online |
| Отмененный ISSN | 2346-8351 |
| 011 0# - МЕЖДУНАРОДНЫЙ СТАНДАРТНЫЙ НОМЕР СЕРИАЛЬНОГО ИЗДАНИЯ (ISSN) | |
| Номер (ISSN) | 2658-638X |
| Уточнения | |
| 035 ## - ДРУГИЕ СИСТЕМНЫЕ НОМЕРА | |
| Идентификатор записи | (NLR Aleph) 011088969 |
| 100 ## - ДАННЫЕ ОБЩЕЙ ОБРАБОТКИ | |
| Данные общей обработки | 20260409 rusy50 |
| 101 0# - ЯЗЫК РЕСУРСА | |
| Язык текста, звукозаписи и т.д. | русский |
| 102 ## - СТРАНА ПУБЛИКАЦИИ ИЛИ ПРОИЗВОДСТВА | |
| Страна публикации | Российская Федерация |
| 110 ## - ПОЛЕ КОДИРОВАННЫХ ДАННЫХ: ПРОДОЛЖАЮЩИЕСЯ РЕСУРСЫ | |
| Кодированные данные продолжающегося ресурса | au||||||||| |
| 200 1# - ЗАГЛАВИЕ И СВЕДЕНИЯ ОБ ОТВЕТСТВЕННОСТИ | |
| Основное заглавие | Психология и педагогика служебной деятельности |
| Параллельное заглавие | Psychology and pedagogics in official activity |
| Язык параллельного заглавия | английский |
| 207 #0 - ОБЛАСТЬ СПЕЦИФИЧЕСКИХ СВЕДЕНИЙ: НУМЕРАЦИЯ ПРОДОЛЖАЮЩИХСЯ РЕСУРСОВ | |
| Нумерация: даты и обозначения томов | 2016, № 1 - |
| 210 ## - ПУБЛИКАЦИЯ, РАСПРОСТРАНЕНИЕ И ДР. | |
| Место издания, распространения и т.д. | [Москва |
| Имя издателя, распространителя и т. д. | б. и.] |
| Дата издания, распространения и т.д. | 2016 - |
| 300 ## - ОБЩИЕ ПРИМЕЧАНИЯ | |
| Текст примечания | Загл. обл.: Международный журнал психологии и педагогики в служебной деятельности |
| 510 1# - ПАРАЛЛЕЛЬНОЕ ЗАГЛАВИЕ | |
| Параллельное заглавие | Psychology and pedagogics in official activity |
| Язык заглавия | английский |
| 512 1# - ЗАГЛАВИЕ ОБЛОЖКИ | |
| Заглавие обложки | Международный журнал психологии и педагогики в служебной деятельности |
| Язык заглавия | русский |
| 512 1# - ЗАГЛАВИЕ ОБЛОЖКИ | |
| Заглавие обложки | Международный журнал психологии и педагогики служебной деятельности |
| 606 1# - НАИМЕНОВАНИЕ ТЕМЫ КАК ПРЕДМЕТ | |
| Наименование темы | Профессиональная деятельность |
| Формальный подзаголовок | Периодические издания |
| Тематический подзаголовок | Психологические исследования |
| Системный номер авторитетной/нормативной записи | 2280342 |
| Идентификатор авторитетной/нормативной записи | RU\NLR\AUTH\6601594540 |
| 606 1# - НАИМЕНОВАНИЕ ТЕМЫ КАК ПРЕДМЕТ | |
| Наименование темы | Высшие учебные заведения МВД Российской Федерации |
| Формальный подзаголовок | Периодические издания |
| Тематический подзаголовок | Учебно-воспитательная работа |
| Системный номер авторитетной/нормативной записи | 2500898 |
| Идентификатор авторитетной/нормативной записи | RU\NLR\AUTH\661483299 |
| 606 1# - НАИМЕНОВАНИЕ ТЕМЫ КАК ПРЕДМЕТ | |
| Наименование темы | Высшие учебные заведения МВД Российской Федерации |
| Формальный подзаголовок | Периодические издания |
| Тематический подзаголовок | Курсанты |
| -- | Психологическая подготовка |
| Системный номер авторитетной/нормативной записи | 2578165 |
| Идентификатор авторитетной/нормативной записи | RU\NLR\AUTH\661524254 |
| 686 1# - ИНДЕКСЫ ДРУГИХ КЛАССИФИКАЦИЙ | |
| Индекс | Ч489.412я54 |
| 686 1# - ИНДЕКСЫ ДРУГИХ КЛАССИФИКАЦИЙ | |
| Индекс | Ч489.413я54 |
| 686 1# - ИНДЕКСЫ ДРУГИХ КЛАССИФИКАЦИЙ | |
| Индекс | Ю941.1я54 |
| 686 1# - ИНДЕКСЫ ДРУГИХ КЛАССИФИКАЦИЙ | |
| Индекс | Ц4,6(2Р)301.1я54 |
| 852 ## - МЕСТОНАХОЖДЕНИЕ И ШИФР ХРАНЕНИЯ | |
| Идентификатор организации | NLR |
| Шифр хранения (Call Number) | П32/866 |
| 942 ## - ДОПОЛНИТЕЛЬНЫЕ ЭЛЕМЕНТЫ ЗАПИСИ (АБИС) | |
| Тип экземпляра АБИС | Журнал |
| 980 ## - КОЛЛЕКЦИЯ | |
| Название коллекции | Национальная библиография |
| 980 ## - КОЛЛЕКЦИЯ | |
| Название коллекции | Русская периодика |
Нет доступных экземпляров.